000 00228nam a22000857a 4500
008 170220b xxu||||| |||| 00| 0 eng d
100 _92915
_aRaja Pocket Book
245 _aIit for tal and other Stories
260 _aNew Delhi
_bRPB
_c2007
999 _c6152
_d6152